000 01275cam a22001934a 4500
005 20250605163934.0
008 250528s ||||||||||||||||||||||||d
035 _a14805
020 _a9600106037
040 _aGR-AtMCL
_bgre
_dGR-AtMCL
_eAACR2
245 1 _aΘεωρίες της Κοινωνικής Ψυχολογίας.
_nΤόμος Ι
260 _bGutenberg,
_c1995
300 _a176
520 _aΤο παρόν βιβλίο αποτελεί τον πρώτο τόμο της σειράς ''Κοινωνικοψυχολογικές Προσεγγίσεις στην Εκπαίδευση - Διαπολιτισμική Αγωγή''. Ιστορική Εξέλιξη της Κοινωνικής Ψυχολογίας, Θέση και Έργο της Κοινωνικής Ψυχολογίας, Θεωρία της Κοινωνικογνωστικής Μάθησης, Η Θεωρία της Κοινωνικής Ενίσχυσης, Η Θεωρία της Κοινωνικής Μάθησης του Rotter, Η Ψυχολογία των Διομαδικών Σχέσεων: Μια Προσέγγιση της Κοινωνικής Ταυτότητας.
700 1 _aΓεωργογιάννης Παντελής
_9567
942 _cBK
999 _c421
_d421